[Event "ROM-ch U12"]
[Site "Calimanesti"]
[Date "2018.03.30"]
[Round "5"]
[White "Gradinaru, Tudor Matei"]
[Black "Poparlan, Stefan"]
[Result "1-0"]
[WhiteElo "1079"]
[BlackElo "1001"]
[PlyCount "93"]
[EventDate "2018.03.27"]
[EventType "swiss"]
[EventRounds "9"]
[EventCountry "ROU"]
[SourceTitle "CBM 183 Extra"]
[Source "ChessBase"]
[SourceDate "2018.04.19"]
[SourceVersion "1"]
[SourceVersionDate "2018.04.19"]
[SourceQuality "1"]

1. e4 e5 2. Nf3 Nc6 3. Bc4 Bc5 4. d3 d6 5. h3 h6 6. Nc3 Nf6 7. a3 a6 8. Nd5 Be6 9. Nxf6+ gxf6 10. Bd5 Bxd5 11. exd5 Nd4 12. Nxd4 Bxd4 13. c3 Ba7 14. Qh5 Rg8 15. 0-0 Qd7 16. d4 0-0-0 17. Be3 f5 18. dxe5 Bxe3 19. fxe3 dxe5 20. Qxf5 Qxf5 21. Rxf5 Rxd5 22. Rxf7 Rd2 23. Rf2 Rxf2 24. Kxf2 Rf8+ 25. Kg1 Rd8 26. Rf1 Rd2 27. Rf2 Rxf2 28. Kxf2 Kd7 29. Kf3 Kd6 30. g4 Kd5 31. e4+ Kc4 32. h4 Kb3 33. g5 hxg5 34. hxg5 Kxb2 35. g6 Kxc3 36. g7 c5 37. g8Q c4 38. Qd5 Kb3 39. Qxb7+ Kxa3 40. Qxa6+ Kb3 41. Qb5+ Kc3 42. Qxe5+ Kd3 43. Qd5+ Kc3 44. Ke2 Kb3 45. e5 Kb2 46. Qd4+ Kb1 47. e6 1-0

[Event "ROM-ch U12"]
[Site "Baile Felix"]
[Date "2017.02.09"]
[Round "9"]
[White "Gradinaru, Tudor Matei"]
[Black "Iorgoveanu, Constantin"]
[Result "1/2-1/2"]
[WhiteElo "1182"]
[BlackElo "1001"]
[PlyCount "41"]
[EventDate "2017.02.02"]
[EventType "swiss"]
[EventRounds "9"]
[EventCountry "ROU"]
[SourceTitle "CBM 176 Extra"]
[Source "ChessBase"]
[SourceDate "2017.03.02"]
[SourceVersion "1"]
[SourceVersionDate "2017.03.02"]
[SourceQuality "1"]

1. e4 e5 2. Nf3 Nc6 3. Bc4 Be7 4. d4 exd4 5. Nxd4 Nxd4 6. Qxd4 Nf6 7. e5 c5 8. Qf4 d5 9. Bb5+ Nd7 10. Nc3 d4 11. Nd5 0-0 12. Qg3 Kh8 13. Bd3 Nb6 14. Nxe7 Qxe7 15. Bg5 f6 16. Qh4 h6 17. Qe4 g6 18. Bxh6 Rg8 19. exf6 Qxf6 20. Bf4 Nd7 21. Bb5 1/2-1/2

[Event "ROM-ch U10"]
[Site "Calimanesti Caciulata"]
[Date "2016.04.22"]
[Round "6"]
[White "Baciu, Daniel"]
[Black "Gradinaru, Tudor Matei"]
[Result "1-0"]
[WhiteElo "1435"]
[BlackElo "1069"]
[PlyCount "59"]
[EventDate "2016.04.18"]
[EventType "swiss"]
[EventRounds "9"]
[EventCountry "ROU"]
[SourceTitle "CBM 172 Extra"]
[Source "ChessBase"]
[SourceDate "2016.06.21"]
[SourceVersion "1"]
[SourceVersionDate "2016.06.21"]
[SourceQuality "1"]

1. e4 e5 2. Nf3 Nc6 3. d4 exd4 4. Bc4 Bc5 5. c3 dxc3 6. Bxf7+ Kxf7 7. Qd5+ Kf8 8. Qxc5+ Qe7 9. Qxe7+ Ncxe7 10. Nxc3 Nf6 11. 0-0 d6 12. Be3 Bd7 13. e5 dxe5 14. Nxe5 a6 15. Nxd7+ Nxd7 16. Rad1 Nf6 17. Rfe1 Kf7 18. Bg5 Rad8 19. h3 h6 20. Bh4 g5 21. Bg3 c6 22. Be5 Rxd1 23. Rxd1 Ke6 24. Bxf6 Kxf6 25. Rd7 b5 26. Ra7 b4 27. Ne4+ Kf5 28. Rxe7 Rd8 29. Ng3+ Kf6 30. Ra7 1-0

[Event "ROM-ch U10"]
[Site "Calimanesti Caciulata"]
[Date "2016.04.21"]
[Round "5"]
[White "Gradinaru, Tudor Matei"]
[Black "Oprea, Cosmin Catalin"]
[Result "0-1"]
[WhiteElo "1069"]
[BlackElo "1174"]
[PlyCount "34"]
[EventDate "2016.04.18"]
[EventType "swiss"]
[EventRounds "9"]
[EventCountry "ROU"]
[SourceTitle "CBM 172 Extra"]
[Source "ChessBase"]
[SourceDate "2016.06.21"]
[SourceVersion "1"]
[SourceVersionDate "2016.06.21"]
[SourceQuality "1"]

1. e4 c5 2. Bc4 Nf6 3. Nc3 d6 4. Nf3 Bg4 5. h3 Bxf3 6. Qxf3 Nbd7 7. 0-0 g6 8. d3 Bg7 9. Qg3 0-0 10. f4 Nh5 11. Qg4 Nb6 12. b4 Nf6 13. Qg5 Nxc4 14. dxc4 h6 15. Qg3 Nh5 16. Qg4 Bd4+ 17. Kh1 Bxc3 0-1

[Event "ROM-ch U10"]
[Site "Calimanesti Caciulata"]
[Date "2016.04.20"]
[Round "3"]
[White "Crecan, Dragos Matei"]
[Black "Gradinaru, Tudor Matei"]
[Result "1-0"]
[WhiteElo "1229"]
[BlackElo "1069"]
[PlyCount "28"]
[EventDate "2016.04.18"]
[EventType "swiss"]
[EventRounds "9"]
[EventCountry "ROU"]
[SourceTitle "CBM 172 Extra"]
[Source "ChessBase"]
[SourceDate "2016.06.21"]
[SourceVersion "1"]
[SourceVersionDate "2016.06.21"]
[SourceQuality "1"]

1. e4 e5 2. Nf3 Nc6 3. Nc3 Bc5 4. Nxe5 Nxe5 5. d4 Bxd4 6. Qxd4 Nc6 7. Qxg7 Qf6 8. Qxf6 Nxf6 9. Nb5 Kd8 10. Bg5 Ke7 11. Nxc7 Rb8 12. Nd5+ Ke6 13. Bxf6 Rg8 14. 0-0-0 Kd6 1-0

[Event "ROM-ch U10"]
[Site "Calimanesti"]
[Date "2015.04.04"]
[Round "7"]
[White "Bumbea, Radu"]
[Black "Gradinaru, Tudor Matei"]
[Result "0-1"]
[WhiteElo "1001"]
[BlackElo "1001"]
[PlyCount "52"]
[EventDate "2015.03.30"]
[EventType "swiss"]
[EventRounds "9"]
[EventCountry "ROU"]
[SourceTitle "CBM 165 Extra"]
[Source "ChessBase"]
[SourceDate "2015.04.21"]
[SourceVersion "1"]
[SourceVersionDate "2015.04.21"]
[SourceQuality "1"]

1. e4 e5 2. Nf3 Nc6 3. Bb5 d6 4. d3 a6 5. Bxc6+ bxc6 6. 0-0 Nf6 7. Re1 Be7 8. d4 exd4 9. Nxd4 c5 10. Nc6 Qd7 11. Nxe7 Qxe7 12. Bg5 0-0 13. Bxf6 Qxf6 14. Qf3 Qxb2 15. Nc3 Qb7 16. Nd5 Be6 17. Nf4 Qb2 18. Nxe6 fxe6 19. Qb3 Qxb3 20. cxb3 d5 21. e5 c4 22. bxc4 dxc4 23. Re4 c3 24. Rc4 Rf5 25. Rc5 Rd8 26. Re1 Rd2 0-1